[Event "6. ODEM U25 2009"]
[Site "Willingen GER"]
[Date "2009.06.06"]
[Round "9"]
[White "Orhan, Eda"]
[Black "Klebanov, Andrej"]
[Result "0-1"]
[Termination "normal"]
[Board "27"]
[WhiteElo "1769"]
[BlackElo "1818"]
[PlyCount "90"]
[WhiteFideId "24659258"]
[BlackFideId "24669989"]
[EventCountry "GER"]
[EventRounds "9"]
[EventType "swiss"]
[EventDate "2009.05.30"]

1. d4 b5 2. Nf3 Bb7 3. e3 a6 4. c4 bxc4 5. Bxc4 Nf6 6. Qb3 Qc8 7. Bxf7+ Kd8 8.
Bc4 Bxf3 9. gxf3 Nc6 10. Bd2 e6 11. Bd3 Rb8 12. Qc2 Qb7 13. b3 e5 14. d5 Nxd5
15. Be4 Ncb4 16. Qc4 Nb6 17. Qxb4 Bxb4 18. Bxb7 Bxd2+ 19. Nxd2 Rxb7 20. Ne4 d6
21. Ke2 a5 22. Rhd1 Ke7 23. Rac1 Nd7 24. Nc3 Nc5 25. Nd5+ Ke6 26. f4 e4 27. f3
exf3+ 28. Kxf3 c6 29. Nc3 Ra8 30. Ne4 Nxe4 31. Kxe4 c5 32. f5+ Ke7 33. Kd3 a4
34. Kc3 axb3 35. axb3 Ra3 36. Rb1 Ra2 37. Rd2 Rxd2 38. Kxd2 Kf6 39. e4 Ke5 40.
Kd3 Rb4 41. Re1 Rxb3+ 42. Kc4 Rb4+ 43. Kd3 Rd4+ 44. Kc3 Rxe4 45. Rxe4+ Kxe4 0-1

[Event "6. ODEM U25 2009"]
[Site "Willingen GER"]
[Date "2009.06.06"]
[Round "9"]
[White "Fernschild, Daniel"]
[Black "Rummer, Martin"]
[Result "1-0"]
[Termination "normal"]
[Board "28"]
[WhiteElo "1877"]
[BlackElo "1589"]
[PlyCount "133"]
[WhiteFideId "4624513"]
[BlackFideId "12900184"]
[EventCountry "GER"]
[EventRounds "9"]
[EventType "swiss"]
[EventDate "2009.05.30"]

1. d4 Nf6 2. Nf3 b6 3. e3 e6 4. Bd3 Bb7 5. O-O g6 6. c4 Bg7 7. Nc3 O-O 8. e4 d6
9. Bg5 Nbd7 10. Re1 Qc8 11. a3 a6 12. b4 c5 13. Rc1 Ne8 14. dxc5 dxc5 15. Be7
cxb4 16. axb4 Qc7 17. Bxf8 Nxf8 18. Qe2 Nd7 19. Red1 Nef6 20. Na4 Ng4 21. h3
Nge5 22. Nxe5 Nxe5 23. Qe3 Qe7 24. Nxb6 Rb8 25. c5 Nc6 26. b5 Bd4 27. Qg3 Be5
28. Qe3 Bd4 29. Qd2 axb5 30. Bxb5 Bxc5 31. Bxc6 Bxc6 32. Nd7 Bb4 33. Qd4 Bxd7
34. Qxd7 Qh4 35. Rc8+ Rxc8 36. Qxc8+ Kg7 37. Qc4 Qh5 38. Rb1 Bd6 39. Qd3 Qe5
40. g3 Be7 41. Rb7 Bd6 42. Qf3 Bc7 43. Qe3 Bd6 44. Rd7 Bb8 45. Qf3 Qf6 46.
Qxf6+ Kxf6 47. Kg2 g5 48. Kf3 h5 49. Ke3 Be5 50. f4 gxf4+ 51. gxf4 Bc3 52. Rd8
Be1 53. Rg8 h4 54. e5+ Ke7 55. Ke2 Bg3 56. Kf3 Be1 57. Rg1 Bd2 58. Kg4 f6 59.
exf6+ Kxf6 60. Rf1 Bc3 61. Kxh4 Kg6 62. Kg4 e5 63. f5+ Kf6 64. Rc1 Bd2 65. Rc6+
Kf7 66. Re6 Bf4 67. Kf3 1-0

[Event "6. ODEM U25 2009"]
[Site "Willingen GER"]
[Date "2009.06.06"]
[Round "9"]
[White "Schneider, Johannes"]
[Black "Ohnesorg, Felix"]
[Result "1/2-1/2"]
[Termination "normal"]
[Board "29"]
[WhiteElo "1775"]
[BlackElo "1822"]
[PlyCount "48"]
[WhiteFideId "24687260"]
[BlackFideId "24653578"]
[EventCountry "GER"]
[EventRounds "9"]
[EventType "swiss"]
[EventDate "2009.05.30"]

1. d4 Nf6 2. c4 e6 3. Nc3 d5 4. Nf3 Be7 5. Bg5 O-O 6. e3 b6 7. cxd5 exd5 8. Bd3
Bb7 9. O-O Re8 10. Qc2 Nbd7 11. Rac1 Rc8 12. Nb5 c5 13. dxc5 a6 14. Nbd4 Rxc5
15. Qe2 b5 16. Rxc5 Nxc5 17. Rc1 Nfe4 18. Bxe7 Qxe7 19. Nf5 Qd7 20. N3d4 Rc8
21. Qg4 f6 22. Bxe4 dxe4 23. h4 Kh8 24. b3 g6 1/2-1/2

[Event "6. ODEM U25 2009"]
[Site "Willingen GER"]
[Date "2009.06.06"]
[Round "9"]
[White "Yin, Zixiao"]
[Black "Jorczik, Andreas"]
[Result "1-0"]
[Termination "normal"]
[Board "30"]
[WhiteElo "1932"]
[BlackElo "1792"]
[PlyCount "55"]
[WhiteFideId "24622729"]
[BlackFideId "24634921"]
[EventCountry "GER"]
[EventRounds "9"]
[EventType "swiss"]
[EventDate "2009.05.30"]

1. g3 g6 2. Bg2 Bg7 3. c3 c6 4. Na3 e5 5. d3 Ne7 6. Nf3 d5 7. O-O O-O 8. Nc2 f5
9. e4 Na6 10. Bg5 Nc7 11. Re1 h6 12. Bxe7 Qxe7 13. exd5 cxd5 14. Nxe5 Bxe5 15.
d4 Qf7 16. dxe5 f4 17. Nd4 fxg3 18. fxg3 Qf2+ 19. Kh1 Qxb2 20. Re2 Qa3 21. Qd3
Kg7 22. e6 Qe7 23. Rc1 a5 24. Nb5 Nxe6 25. Bxd5 Ra6 26. Nd4 Rf6 27. Qc4 Qc5 28.
Nxe6+ 1-0

[Event "6. ODEM U25 2009"]
[Site "Willingen GER"]
[Date "2009.06.06"]
[Round "9"]
[White "Neumair, Cedric"]
[Black "Weißbeck, Joachim Daniel"]
[Result "1/2-1/2"]
[Termination "normal"]
[Board "31"]
[WhiteElo "1867"]
[BlackElo "1755"]
[PlyCount "82"]
[WhiteFideId "4698304"]
[BlackFideId "4639227"]
[EventCountry "GER"]
[EventRounds "9"]
[EventType "swiss"]
[EventDate "2009.05.30"]

1. d4 f5 2. c4 Nf6 3. Nc3 g6 4. g4 Bg7 5. Bg2 O-O 6. e3 d6 7. Nf3 Qe8 8. O-O e5
9. d5 Na6 10. Rb1 Bd7 11. b4 Qe7 12. Ba3 Rad8 13. Qc2 h6 14. Rfc1 Nb8 15. c5
Kh7 16. cxd6 cxd6 17. b5 e4 18. Nd2 Rc8 19. Qb3 Rfd8 20. Nc4 Be8 21. Bb4 Bf7
22. Rd1 Ne8 23. Rbc1 Nd7 24. a4 Ne5 25. Nxe5 Bxe5 26. Na2 Qd7 27. Bf1 Rxc1 28.
Rxc1 Rc8 29. Bd2 Rxc1 30. Bxc1 Qc7 31. Bd2 Nf6 32. Bc4 Qc5 33. Bb4 Qc7 34. a5
b6 35. a6 Qb8 36. Bd2 Ng8 37. Nb4 Bg7 38. Nc6 Qc7 39. Bb4 Bf8 40. Bc3 Bg7 41.
Bb4 Bf8 1/2-1/2

[Event "6. ODEM U25 2009"]
[Site "Willingen GER"]
[Date "2009.06.06"]
[Round "9"]
[White "Armbrust, Matthias"]
[Black "Reksten, Daniel"]
[Result "1-0"]
[Termination "normal"]
[Board "32"]
[WhiteElo "1820"]
[BlackElo "1638"]
[PlyCount "31"]
[BlackFideId "24692590"]
[EventCountry "GER"]
[EventRounds "9"]
[EventType "swiss"]
[EventDate "2009.05.30"]

1. e4 c6 2. d4 d5 3. e5 Bf5 4. g4 Bg6 5. h4 h5 6. e6 fxe6 7. Bd3 Bxd3 8. Qxd3
Qb6 9. Qg6+ Kd7 10. Nf3 Nf6 11. g5 Ne4 12. c3 Nd6 13. Ne5+ Kc7 14. Qxe6 Na6 15.
Qd7+ Kb8 16. Ng6 1-0

[Event "6. ODEM U25 2009"]
[Site "Willingen GER"]
[Date "2009.06.06"]
[Round "9"]
[White "Neitzel, Mirko"]
[Black "Kuckling, Jonas"]
[Result "1-0"]
[Termination "normal"]
[Board "33"]
[WhiteElo "1810"]
[BlackElo "1539"]
[PlyCount "53"]
[WhiteFideId "24657298"]
[BlackFideId "24603856"]
[EventCountry "GER"]
[EventRounds "9"]
[EventType "swiss"]
[EventDate "2009.05.30"]

1. e4 c5 2. Nc3 Nc6 3. f4 d6 4. Nf3 g6 5. Bc4 Bg7 6. O-O e6 7. d3 Nge7 8. Qe1
a6 9. a4 Bd7 10. Kh1 Nb4 11. Qf2 Rb8 12. Bb3 O-O 13. f5 exf5 14. Qh4 fxe4 15.
Ng5 h5 16. Nxf7 Qc7 17. Qxe7 Rbe8 18. Qxd6 Qxd6 19. Nxd6+ Kh8 20. Bd2 e3 21.
Nxe8 Rxe8 22. Be1 Bd4 23. Ne2 Bxb2 24. Bc3+ Bxc3 25. Nxc3 e2 26. Rfe1 Bg4 27.
h3 1-0

[Event "6. ODEM U25 2009"]
[Site "Willingen GER"]
[Date "2009.06.06"]
[Round "9"]
[White "Stemmler, Lysan"]
[Black "Laqua, Stefan"]
[Result "0-1"]
[Termination "normal"]
[Board "34"]
[WhiteElo "1856"]
[BlackElo "1744"]
[PlyCount "100"]
[WhiteFideId "24622451"]
[BlackFideId "4674634"]
[EventCountry "GER"]
[EventRounds "9"]
[EventType "swiss"]
[EventDate "2009.05.30"]

1. e4 e6 2. d4 d5 3. Nc3 Nf6 4. Bg5 Bb4 5. e5 h6 6. exf6 hxg5 7. fxg7 Rg8 8. a3
Bxc3+ 9. bxc3 Rxg7 10. Qh5 Qe7 11. Nf3 c5 12. Ne5 c4 13. h4 Nd7 14. Qh8+ Qf8
15. Qxf8+ Nxf8 16. h5 Bd7 17. Be2 O-O-O 18. Kd2 f6 19. Ng4 f5 20. Ne5 Nh7 21.
h6 Rgg8 22. Bh5 Be8 23. f3 Bxh5 24. Rxh5 g4 25. fxg4 fxg4 26. Rh4 g3 27. Rf1
Rdf8 28. Rhf4 Re8 29. Rf7 Ng5 30. Rg7 Ne4+ 31. Ke3 Nf2 32. Ng6 Ng4+ 33. Kf3
Nh2+ 34. Ke2 Nxf1 35. Kxf1 Kd8 36. Ne5 Rxg7 37. hxg7 Rg8 38. Ke2 Rxg7 39. Kf3
Ke7 40. Ng4 Rf7+ 41. Kxg3 Rf1 42. Ne5 Ra1 43. Kf4 Rxa3 44. Kg5 Rxc3 45. g4 Rxc2
46. Kh6 Rh2+ 47. Kg6 a5 48. g5 a4 49. Kg7 a3 50. Ng6+ Kd6 0-1

[Event "6. ODEM U25 2009"]
[Site "Willingen GER"]
[Date "2009.06.06"]
[Round "9"]
[White "Holle, Eric"]
[Black "Gefnider, Andreas"]
[Result "0-1"]
[Termination "normal"]
[Board "35"]
[WhiteElo "1735"]
[BlackElo "1653"]
[PlyCount "42"]
[WhiteFideId "4624610"]
[BlackFideId "12900176"]
[EventCountry "GER"]
[EventRounds "9"]
[EventType "swiss"]
[EventDate "2009.05.30"]

1. e4 e5 2. Nc3 Nf6 3. f4 exf4 4. e5 Ng8 5. Nf3 d6 6. Bc4 Nc6 7. d4 dxe5 8. d5
Na5 9. Bd3 Bb4 10. Nxe5 Bxc3+ 11. bxc3 Nf6 12. c4 c6 13. Ba3 cxd5 14. cxd5 Qxd5
15. O-O Be6 16. Qe2 Nc6 17. Bb5 a6 18. Bxc6+ bxc6 19. Rxf4 Rd8 20. c4 Qa5 21.
Qf3 Qxe5 0-1

[Event "6. ODEM U25 2009"]
[Site "Willingen GER"]
[Date "2009.06.06"]
[Round "9"]
[White "Kempe, Markus"]
[Black "Durmisi, Valon"]
[Result "0-1"]
[Termination "normal"]
[Board "36"]
[WhiteElo "1348"]
[BlackElo "1619"]
[PlyCount "86"]
[WhiteFideId "24692638"]
[EventCountry "GER"]
[EventRounds "9"]
[EventType "swiss"]
[EventDate "2009.05.30"]

1. e4 e5 2. Nf3 Nc6 3. Bc4 d6 4. d4 exd4 5. Nxd4 Ne5 6. Bb3 Nf6 7. Nc3 Be7 8.
Bd2 O-O 9. Qe2 a6 10. f3 c5 11. Nf5 Bxf5 12. exf5 Rc8 13. a3 c4 14. Ba2 b5 15.
b4 Nc6 16. Be3 Nd7 17. O-O Bf6 18. Qd2 Re8 19. Rad1 Nb6 20. Ne4 d5 21. Nxf6+
gxf6 22. Bh6 Kh8 23. c3 Qd7 24. Bb1 Rcd8 25. Be3 Nc8 26. Qf2 Ne5 27. Qh4 Qc6
28. Bd4 Nb6 29. Rfe1 Nbd7 30. Rd2 Rg8 31. Bxe5 fxe5 32. Kh1 f6 33. Red1 Nb6 34.
Be4 Rg7 35. f4 exf4 36. Qxf4 Rgd7 37. Bf3 Qe6 38. Qh4 Qe5 39. Qd4 Qxd4 40. Rxd4
Na4 41. Rc1 Re7 42. Bxd5 Nxc3 43. Kg1 Ne2+ 0-1

[Event "6. ODEM U25 2009"]
[Site "Willingen GER"]
[Date "2009.06.06"]
[Round "9"]
[White "Brühan, Caren"]
[Black "Herbst, Matthew"]
[Result "0-1"]
[Termination "normal"]
[Board "37"]
[WhiteElo "1265"]
[BlackElo "1615"]
[PlyCount "58"]
[WhiteFideId "24691976"]
[BlackFideId "24601950"]
[EventCountry "GER"]
[EventRounds "9"]
[EventType "swiss"]
[EventDate "2009.05.30"]

1. d4 d5 2. Nf3 c5 3. e3 Nf6 4. Nbd2 Bf5 5. c4 e6 6. b3 Nc6 7. Ba3 b6 8. Be2
Bd6 9. Qc1 Qe7 10. dxc5 bxc5 11. cxd5 exd5 12. Nd4 Nxd4 13. exd4 Bd3 14. Qd1
Rc8 15. Nf3 Ba6 16. Rc1 Bxe2 17. Qxe2 Qxe2+ 18. Kxe2 Nd7 19. b4 c4 20. Rc3 O-O
21. Re1 Rfe8+ 22. Kd1 Rxe1+ 23. Kxe1 Re8+ 24. Kd2 Nf6 25. Kc2 Re2+ 26. Kd1 Rxa2
27. Ke1 Ne4 28. Re3 Bf4 29. Re2 Ra1+ 0-1

[Event "6. ODEM U25 2009"]
[Site "Willingen GER"]
[Date "2009.06.06"]
[Round "9"]
[White "Rummer, Evi"]
[Black "Baier, Christoph"]
[Result "0-1"]
[Termination "normal"]
[Board "38"]
[WhiteElo "1439"]
[BlackElo "1671"]
[PlyCount "88"]
[WhiteFideId "12900117"]
[BlackFideId "24655759"]
[EventCountry "GER"]
[EventRounds "9"]
[EventType "swiss"]
[EventDate "2009.05.30"]

1. e4 c6 2. d4 d5 3. e5 Bf5 4. Nf3 e6 5. Be2 c5 6. c3 Nc6 7. O-O Bg4 8. Qb3 Qc7
9. Qd1 Nge7 10. Be3 Nf5 11. h3 Bxf3 12. Bxf3 cxd4 13. cxd4 Qb6 14. Nc3 Ncxd4
15. Bg4 Nxe3 16. fxe3 Nc6 17. Nxd5 exd5 18. Qxd5 Qc7 19. e6 f6 20. Rad1 Rd8 21.
Qe4 Ne5 22. Rc1 Qa5 23. Qxb7 Qb6 24. Qe4 Be7 25. Qa4+ Kf8 26. Rfd1 Rxd1+ 27.
Qxd1 Qxe3+ 28. Kh1 g6 29. Rc8+ Kg7 30. Rc7 Re8 31. Qd6 Kf8 32. Qa6 Qe1+ 33. Kh2
Nxg4+ 34. hxg4 Qe5+ 35. g3 Qxc7 36. Qe2 Bd6 37. g5 Bxg3+ 38. Kh3 Qf4 39. e7+
Rxe7 40. Qa6 Qh4+ 41. Kg2 Qh2+ 42. Kf3 Qf2+ 43. Kg4 f5+ 44. Kh3 Qh2# 0-1

[Event "6. ODEM U25 2009"]
[Site "Willingen GER"]
[Date "2009.06.06"]
[Round "9"]
[White "Sasse, Fabius"]
[Black "Bangert, Benjamin"]
[Result "1-0"]
[Termination "normal"]
[Board "39"]
[WhiteElo "1579"]
[BlackElo "1330"]
[PlyCount "129"]
[WhiteFideId "24659657"]
[BlackFideId "24692654"]
[EventCountry "GER"]
[EventRounds "9"]
[EventType "swiss"]
[EventDate "2009.05.30"]

1. e4 e6 2. d4 d5 3. e5 c5 4. c3 Nc6 5. Nf3 Qb6 6. a3 Nge7 7. b4 cxd4 8. cxd4
Nf5 9. Bb2 Be7 10. Be2 O-O 11. O-O Bd7 12. Qd3 Rfb8 13. Nbd2 a6 14. Nb3 Na7 15.
Bd1 Bb5 16. Qb1 Bxf1 17. Kxf1 Qd8 18. Bc2 Qc8 19. g4 Nh4 20. Bxh7+ Kh8 21. Nxh4
Bxh4 22. Bd3 Qd8 23. f4 Nc6 24. Qd1 g5 25. f5 Qe7 26. f6 Qf8 27. Nc5 a5 28. b5
Na7 29. Nd7 Qe8 30. Nxb8 Rxb8 31. a4 b6 32. Ra3 Rc8 33. Bb1 Qf8 34. Rh3 Qb4 35.
Ba3 Qc4+ 36. Qd3 Qxd3+ 37. Bxd3 Rc3 38. Bb2 Rc8 39. Ke2 Kg8 40. Ba3 Rb8 41. Kd2
Rc8 42. Be2 Rc7 43. Bb2 Nc8 44. Rc3 Rxc3 45. Bxc3 Bf2 46. Bd3 Na7 47. Bb1 Bg1
48. h3 Bh2 49. Kd3 Bg3 50. Bd2 Bh4 51. Ke2 Nc8 52. Be1 Bxe1 53. Kxe1 Na7 54.
Kf2 Nc8 55. Kg3 Na7 56. h4 gxh4+ 57. Kxh4 Nc8 58. Kh5 Na7 59. Kh6 Nc8 60. Bh7+
Kf8 61. g5 Na7 62. Bd3 Nc8 63. g6 fxg6 64. Kxg6 Na7 65. f7 1-0

[Event "6. ODEM U25 2009"]
[Site "Willingen GER"]
[Date "2009.06.06"]
[Round "9"]
[White "Goldbeck, Daniel"]
[Black "Hirschberg, Leander"]
[Result "0-1"]
[Termination "normal"]
[Board "40"]
[WhiteElo "1391"]
[BlackElo "1671"]
[PlyCount "76"]
[WhiteFideId "1271850"]
[BlackFideId "24652130"]
[EventCountry "GER"]
[EventRounds "9"]
[EventType "swiss"]
[EventDate "2009.05.30"]

1. e4 c5 2. f4 Nc6 3. c3 e5 4. Nf3 d6 5. d4 exd4 6. cxd4 Bg4 7. dxc5 dxc5 8.
Qxd8+ Rxd8 9. Nc3 Nf6 10. h3 Bxf3 11. gxf3 Nd4 12. Kf2 Be7 13. Be3 O-O 14. Rd1
Nc2 15. Rxd8 Rxd8 16. Bc1 Nd4 17. Bc4 b6 18. Rd1 Nh5 19. Be3 Bh4+ 20. Kg2 Bg3
21. Nd5 Kf8 22. f5 Nc2 23. Bc1 Be5 24. Rd3 Ne1+ 25. Kf1 Nxd3 26. Bxd3 Nf6 27.
f4 Nxd5 28. fxe5 Nb4 29. Be2 Nxa2 30. Bg5 Re8 31. e6 f6 32. Bf4 Ke7 33. h4 g6
34. Bh6 gxf5 35. exf5 Nb4 36. Bf4 Rd8 37. Kf2 Nd3+ 38. Kg3 Nxf4 0-1

[Event "6. ODEM U25 2009"]
[Site "Willingen GER"]
[Date "2009.06.06"]
[Round "9"]
[White "Mann, Jonas"]
[Black "Wang, Julia"]
[Result "0-1"]
[Termination "normal"]
[Board "41"]
[WhiteElo "1296"]
[BlackElo "1506"]
[PlyCount "106"]
[WhiteFideId "12900214"]
[BlackFideId "24692565"]
[EventCountry "GER"]
[EventRounds "9"]
[EventType "swiss"]
[EventDate "2009.05.30"]

1. Nc3 c6 2. e4 d5 3. f4 dxe4 4. Nxe4 Nd7 5. Qe2 e6 6. Nf3 Ngf6 7. Nf2 Bc5 8.
g3 Nb6 9. Nd3 Bd6 10. b3 Nbd5 11. a3 b6 12. Bg2 Bb7 13. O-O O-O 14. Bb2 c5 15.
Nfe5 Bxe5 16. Nxe5 Rb8 17. c4 Ne7 18. Bxb7 Rxb7 19. Ng4 Nxg4 20. Qxg4 Ng6 21.
Bc3 Re8 22. h4 f5 23. Qf3 Rd7 24. h5 Rd3 25. Qf2 Nf8 26. Kh2 h6 27. Qg2 Nd7 28.
Rae1 Kh7 29. Qh3 Nf6 30. Kh1 Ne4 31. Rxe4 fxe4 32. Qg4 Qe7 33. Qg6+ Kh8 34.
Qxh6+ Kg8 35. Qg6 Qf7 36. Qg4 e3 37. h6 exd2 38. Bxg7 Kh7 39. Qe2 Rxg3 40. Be5
Rh3+ 41. Kg2 Rxh6 42. Qe4+ Qg6+ 43. Qxg6+ Kxg6 44. Rd1 Rd8 45. Kf2 Rh2+ 46. Kg1
Re2 47. Kf1 Re3 48. Kf2 Rxb3 49. Rg1+ Kh5 50. Rh1+ Kg4 51. Rg1+ Kf5 52. Ke2 Ke4
53. Rd1 Rxa3 0-1

[Event "6. ODEM U25 2009"]
[Site "Willingen GER"]
[Date "2009.06.06"]
[Round "9"]
[White "Rummer, Bärbel"]
[Black "Triantafillidis, Katherina"]
[Result "1-0"]
[Termination "normal"]
[Board "43"]
[WhiteElo "1476"]
[BlackElo "1221"]
[PlyCount "129"]
[WhiteFideId "12900109"]
[BlackFideId "24692409"]
[EventCountry "GER"]
[EventRounds "9"]
[EventType "swiss"]
[EventDate "2009.05.30"]

1. e4 e5 2. Nf3 Nc6 3. Bc4 h6 4. c3 Nf6 5. d3 d5 6. exd5 Nxd5 7. Qe2 Bg4 8. h3
Bxf3 9. Qxf3 Nf6 10. O-O Bc5 11. b4 Bb6 12. Re1 O-O 13. Qg3 Kh8 14. a4 a6 15.
Qf3 Qd6 16. Ba3 Qd7 17. b5 axb5 18. axb5 Nd8 19. Rxe5 Re8 20. Rxe8+ Qxe8 21.
Qd1 c6 22. bxc6 Qxc6 23. Qb3 Kg8 24. Nd2 Bc5 25. d4 Bd6 26. Bb2 Rxa1+ 27. Bxa1
Ne4 28. Nxe4 Qxe4 29. Qd1 Ne6 30. Bd3 Qf4 31. g3 Qg5 32. h4 Qf6 33. c4 Nxd4 34.
Bxd4 Be5 35. Bxe5 Qxe5 36. Qe2 Qxe2 37. Bxe2 g5 38. hxg5 hxg5 39. Kg2 Kg7 40.
Bd3 Kf6 41. Kf3 Ke5 42. Ke3 f6 43. f4+ gxf4+ 44. gxf4+ Kd6 45. Kd4 Kc6 46. Be4+
Kc7 47. Bxb7 Kxb7 48. Kd5 Kb6 49. Ke6 Kc5 50. Kxf6 Kxc4 51. Ke5 Kc5 52. f5 Kc6
53. Ke6 Kc7 54. f6 Kd8 55. f7 Kc7 56. f8=Q Kc6 57. Qf5 Kb6 58. Qd5 Kc7 59. Qd6+
Kc8 60. Qa6+ Kc7 61. Ke7 Kb8 62. Qc6 Ka7 63. Kd6 Kb8 64. Qd7 Ka8 65. Kc6 1-0

[Event "6. ODEM U25 2009"]
[Site "Willingen GER"]
[Date "2009.06.06"]
[Round "9"]
[White "Mehling, Franziska"]
[Black "Plumbaum, Nadja"]
[Result "0-1"]
[Termination "normal"]
[Board "44"]
[WhiteElo "1257"]
[BlackElo "1667"]
[PlyCount "60"]
[WhiteFideId "12900133"]
[BlackFideId "24691941"]
[EventCountry "GER"]
[EventRounds "9"]
[EventType "swiss"]
[EventDate "2009.05.30"]

1. d4 d5 2. c4 e6 3. Nc3 Be7 4. e4 dxe4 5. Nxe4 Nf6 6. Ng3 Nc6 7. Nf3 a5 8. Ne2
Ne4 9. Qd3 Nf6 10. Nc3 O-O 11. Be2 b6 12. O-O Bb7 13. Bf4 Nb4 14. Qd1 Bd6 15.
Bxd6 Qxd6 16. Ne5 Rad8 17. Nb5 Qe7 18. Bf3 c5 19. a3 Na6 20. Bxb7 Qxb7 21. Qf3
Qxf3 22. Nxf3 cxd4 23. Nfxd4 Rd7 24. Rfe1 Rfd8 25. Nf3 Nc5 26. b4 Nd3 27. Red1
Ne4 28. bxa5 bxa5 29. Ra2 Nc1 30. Rxc1 Rd1+ 0-1

[Event "6. ODEM U25 2009"]
[Site "Willingen GER"]
[Date "2009.06.06"]
[Round "9"]
[White "Kuckling, Linus"]
[Black "Bachem, Sabrina"]
[Result "0-1"]
[Termination "normal"]
[Board "45"]
[WhiteElo "1197"]
[BlackElo "1599"]
[PlyCount "112"]
[WhiteFideId "24658243"]
[EventCountry "GER"]
[EventRounds "9"]
[EventType "swiss"]
[EventDate "2009.05.30"]

1. e4 c5 2. Nc3 e6 3. g3 d6 4. Bg2 Nf6 5. d3 Be7 6. f4 Nc6 7. Nf3 O-O 8. O-O
Nd7 9. Be3 a6 10. a4 b6 11. e5 d5 12. Ne2 Bb7 13. c3 f6 14. d4 Na5 15. Rb1 Nc4
16. Bf2 b5 17. axb5 axb5 18. b3 Ncb6 19. Ra1 Qc7 20. Qd2 Nb8 21. Ra2 Rxa2 22.
Qxa2 Na6 23. Qa5 Qc6 24. Rc1 Nc7 25. Qa3 Ra8 26. Qb2 Na6 27. Ra1 b4 28. Nd2
cxd4 29. Nxd4 Qxc3 30. Qxc3 bxc3 31. Nb1 Rc8 32. Nxc3 Rxc3 33. Nb5 Rxb3 34. Nd6
Bxd6 35. exd6 Nd7 36. Bf1 Nb4 37. Ra7 Nc6 38. Ra1 Kf7 39. Ba6 Bxa6 40. Rxa6
Ncb8 41. Ra7 Rc3 42. Rb7 Ke8 43. Rc7 Rc6 44. Ba7 Rxd6 45. Bxb8 Nxb8 46. Rxg7
Nd7 47. Rxh7 d4 48. Kf2 e5 49. h4 e4 50. h5 e3+ 51. Ke2 d3+ 52. Kd1 d2 53. h6
e2+ 54. Kxe2 d1=Q+ 55. Kf2 Rd2+ 56. Ke3 Qe2# 0-1

[Event "6. ODEM U25 2009"]
[Site "Willingen GER"]
[Date "2009.06.06"]
[Round "9"]
[White "Weber, Yannik"]
[Black "Kulling, Markus"]
[Result "1/2-1/2"]
[Termination "normal"]
[Board "46"]
[WhiteElo "1236"]
[BlackElo "1451"]
[PlyCount "22"]
[WhiteFideId "24692700"]
[BlackFideId "24698911"]
[EventCountry "GER"]
[EventRounds "9"]
[EventType "swiss"]
[EventDate "2009.05.30"]

1. d4 d5 2. c4 e6 3. Nc3 Nf6 4. e3 Bd6 5. Nf3 Nbd7 6. Qc2 b6 7. a3 a5 8. cxd5
exd5 9. Bb5 O-O 10. Bc6 Rb8 11. Nxd5 Ba6 1/2-1/2

[Event "6. ODEM U25 2009"]
[Site "Willingen GER"]
[Date "2009.06.06"]
[Round "9"]
[White "Reksten, Lisa"]
[Black "Wachinger, David"]
[Result "0-1"]
[Termination "normal"]
[Board "47"]
[WhiteElo "1141"]
[BlackElo "1386"]
[PlyCount "104"]
[BlackFideId "24692689"]
[EventCountry "GER"]
[EventRounds "9"]
[EventType "swiss"]
[EventDate "2009.05.30"]

1. e4 c6 2. d4 d5 3. e5 Bf5 4. Nf3 e6 5. Bd3 Bxd3 6. Qxd3 Nd7 7. Nc3 c5 8. dxc5
Bxc5 9. O-O Ne7 10. Be3 Bxe3 11. Qxe3 Nc6 12. Qe2 a6 13. Rfe1 Qc7 14. a3 Rc8
15. Qe3 O-O 16. Rac1 Ndxe5 17. Nxe5 d4 18. Qg3 Nxe5 19. Rxe5 dxc3 20. bxc3 Qxc3
21. Re3 Qb2 22. Ree1 Rxc2 23. Rxc2 Qxc2 24. Qf3 Qb2 25. Qd3 Qb6 26. Rb1 Qc6 27.
Qf3 Rc8 28. Qxc6 Rxc6 29. Rd1 h6 30. h3 Rc3 31. Rd7 b5 32. a4 bxa4 33. Rd4 Rc1+
34. Kh2 Ra1 35. Rc4 Kf8 36. Kg3 a3 37. Ra4 Ke7 38. Rxa6 a2 39. Kf3 Kd7 40. h4
Kc7 41. h5 Kb7 42. Ra3 Kb6 43. Kf4 Kb5 44. g4 Kb4 45. Ra8 Kb3 46. Rb8+ Kc3 47.
Ra8 Kd2 48. Kf3 e5 49. Rd8+ Ke1 50. Ra8 e4+ 51. Kxe4 Kxf2 52. Kf4 Kg2 0-1

[Event "6. ODEM U25 2009"]
[Site "Willingen GER"]
[Date "2009.06.06"]
[Round "9"]
[White "Nobis, Philipp"]
[Black "Röhlich, Philipp"]
[Result "0-1"]
[Termination "normal"]
[Board "48"]
[WhiteElo "1261"]
[BlackElo "1043"]
[PlyCount "132"]
[WhiteFideId "24602183"]
[BlackFideId "24692832"]
[EventCountry "GER"]
[EventRounds "9"]
[EventType "swiss"]
[EventDate "2009.05.30"]

1. e4 c5 2. Nf3 Nc6 3. d4 cxd4 4. Nxd4 g6 5. Be3 Bg7 6. Nc3 Nf6 7. f3 O-O 8.
Qd2 d5 9. O-O-O dxe4 10. Nxe4 Nxe4 11. fxe4 a6 12. Kb1 Qd7 13. Nxc6 Qxc6 14.
Bh6 Be6 15. h4 Rac8 16. Bd3 Rfd8 17. Bxg7 Kxg7 18. h5 Bg4 19. hxg6 Qxg6 20. Rc1
h6 21. Qf4 Qg5 22. Qxg5+ hxg5 23. e5 Rh8 24. Be4 b6 25. Bb7 Rc5 26. Bxa6 Rxe5
27. Rxh8 Kxh8 28. a3 Rf5 29. Rf1 Rxf1+ 30. Bxf1 f5 31. Kc1 Kg7 32. Kd2 Kf6 33.
Kd3 Bd1 34. c4 e5 35. b4 Ke6 36. Kd2 Ba4 37. Be2 Bc6 38. g4 f4 39. b5 Bb7 40.
Kc3 Kd6 41. Kb4 f3 42. Bf1 e4 43. Kc3 Kc5 44. a4 e3 45. Bd3 e2 46. Kd2 Kb4 47.
Bxe2 fxe2 48. Kxe2 Kxc4 49. Ke3 Kb4 50. Kd4 Kxa4 51. Kc4 Bf3 52. Kd4 Bxg4 53.
Ke5 Bf3 54. Kf5 g4 55. Kf4 Kxb5 56. Kg3 Kc4 57. Kf4 b5 58. Kg3 b4 59. Kf4 b3
60. Kg3 b2 61. Kf4 b1=Q 62. Kg3 Qb8+ 63. Kf2 Kd3 64. Kg1 Qg3+ 65. Kf1 Qg2+ 66.
Ke1 Qg1# 0-1

[Event "6. ODEM U25 2009"]
[Site "Willingen GER"]
[Date "2009.06.06"]
[Round "9"]
[White "Sailer, Fabian"]
[Black "Usov, Andreas"]
[Result "0-1"]
[Termination "normal"]
[Board "49"]
[WhiteElo "1380"]
[BlackElo "1491"]
[PlyCount "102"]
[BlackFideId "24601713"]
[EventCountry "GER"]
[EventRounds "9"]
[EventType "swiss"]
[EventDate "2009.05.30"]

1. f4 d5 2. Nf3 Nc6 3. e3 Bg4 4. c4 d4 5. e4 e5 6. f5 Nf6 7. d3 Bb4+ 8. Nbd2
Qe7 9. Be2 O-O-O 10. a3 Bxd2+ 11. Bxd2 g6 12. fxg6 hxg6 13. h3 Bh5 14. Bg5 Qd6
15. Rf1 Rdf8 16. g4 Nxg4 17. hxg4 Bxg4 18. Ng1 Bxe2 19. Nxe2 f5 20. exf5 Rxf5
21. Rxf5 gxf5 22. Ng3 Qg6 23. Qf3 Qxg5 24. Rd1 Rh2 25. b4 f4 26. b5 Qxg3+ 27.
Qxg3 fxg3 28. bxc6 Rh1+ 29. Ke2 Rxd1 30. Kxd1 g2 31. cxb7+ Kxb7 32. Ke2 g1=Q
33. a4 Qe3+ 34. Kd1 Qxd3+ 35. Kc1 e4 36. c5 e3 37. c6+ Ka6 38. a5 e2 39. Kb2
e1=N 40. Kc1 Qe3+ 41. Kb2 d3 42. Kb1 d2 43. Ka1 d1=N 44. Ka2 Qd2+ 45. Ka3 Qc3+
46. Ka2 Nd3 47. Kb1 N1f2 48. Ka2 Ne4 49. Kb1 Nec5 50. Ka2 Kxa5 51. Kb1 Qb2# 0-1